[Event "BCF-chT2 0708 (4NCL)"]
[Site "Sunningdale"]
[Date "2007.11.10"]
[Round "3.7"]
[White "Eckersley Waites, Tom"]
[Black "Dreczkowski, Ryszard"]
[Result "1-0"]
[WhiteElo "2186"]
[BlackElo "2039"]
[PlyCount "121"]
[EventDate "2007.09.15"]
[EventType "team-tourn"]
[EventRounds "11"]
[EventCountry "ENG"]
[SourceTitle "EXT 2023"]
[Source "ChessBase"]
[SourceDate "2022.10.05"]
[SourceVersion "1"]
[SourceVersionDate "2022.10.05"]
[SourceQuality "1"]
[WhiteTeam "Oxford"]
[BlackTeam "Guildford III"]
[WhiteTeamCountry "ENG"]
[BlackTeamCountry "ENG"]

1. e4 Nf6 2. Nc3 d5 3. exd5 Nxd5 4. Bc4 Nb6 5. Bb3 c5 6. d3 Nc6 7. Qf3 e6 8. Qg3 a6 9. Nf3 Nd4 10. Bf4 Nf5 11. Qh3 Bd6 12. Bxd6 Qxd6 13. Ne4 Qe7 14. 0-0-0 Bd7 15. g4 Nd4 16. Nxd4 cxd4 17. Qg3 Bc6 18. Qe5 0-0-0 19. Rhg1 g6 20. f4 Qc7 21. Ng5 Qxe5 22. fxe5 Rdf8 23. Rdf1 Be8 24. Rf4 Nd7 25. Nf3 Nc5 26. Nxd4 h5 27. g5 Kd7 28. Bc4 Ke7 29. b4 Nd7 30. Nf3 Nb6 31. Bb3 Bc6 32. Rf1 Bd5 33. c4 Bc6 34. h4 Rc8 35. Nd4 Rhf8 36. Kd2 Bg2 37. R1f2 Bh3 38. Ke3 Nd7 39. Ke4 Bf5+ 40. Nxf5+ exf5+ 41. Kd4 Rfd8 42. Kc3 Nxe5 43. Re2 Rxd3+ 44. Kc2 f6 45. Rf1 Rd4 46. Rfe1 Re4 47. Rxe4 fxe4 48. Rxe4 Ke6 49. gxf6 Kxf6 50. Rf4+ Kg7 51. Kc3 Rf8 52. Rxf8 Kxf8 53. c5 Ke7 54. Bd5 Nc6 55. a4 Kf6 56. b5 axb5 57. axb5 Nd8 58. Kd4 Kf5 59. b6 g5 60. Bxb7 Nxb7 61. c6 1-0

[Event "BCF-chT3 0607 (4NCL)"]
[Site "Sunningdale"]
[Date "2007.05.05"]
[Round "9.6"]
[White "Dreczkowski, Ryszard"]
[Black "Yurenok, Maria S"]
[Result "0-1"]
[WhiteElo "2065"]
[BlackElo "2030"]
[PlyCount "82"]
[EventDate "2006.09.16"]
[EventType "team-tourn"]
[EventRounds "11"]
[EventCountry "ENG"]
[SourceTitle "EXT 2008"]
[Source "ChessBase"]
[SourceDate "2007.11.25"]
[SourceVersion "1"]
[SourceVersionDate "2007.11.25"]
[SourceQuality "1"]
[WhiteTeam "Guildford IV"]
[BlackTeam "Pride and Prejudice "]
[WhiteTeamCountry "ENG"]
[BlackTeamCountry "ENG"]

1. c4 c6 2. g3 d5 3. Bg2 Nf6 4. Nf3 dxc4 5. Na3 Bf5 6. Nxc4 Nbd7 7. d3 g6 8. Nd4 Nb6 9. Nxb6 Qxb6 10. Nxf5 Qa5+ 11. Bd2 Qxf5 12. Qa4 Qd7 13. Rc1 Bg7 14. Rxc6 0-0 15. Rc4 b5 16. Bc6 Qxc6 17. Rxc6 bxa4 18. Bc3 Rfc8 19. Rxc8+ Rxc8 20. Kd2 Nd5 21. Bxg7 Kxg7 22. a3 Kf6 23. e4 Nb6 24. f4 Nd7 25. g4 Nc5 26. e5+ Ke6 27. d4 Nb3+ 28. Ke3 Rc1 29. Rxc1 Nxc1 30. Kd2 Nb3+ 31. Kc3 Kd5 32. Kb4 Kxd4 33. Kxa4 Kc4 34. h4 h5 35. gxh5 gxh5 36. f5 e6 37. fxe6 Nc5+ 38. Ka5 fxe6 39. b4 Nd7 40. Ka6 Nxe5 41. Kxa7 Kb5 0-1

[Event "BCF-chT3 0607 (4NCL)"]
[Site "Sunningdale"]
[Date "2007.03.03"]
[Round "7.1"]
[White "Coates, Kenneth G"]
[Black "Dreczkowski, Ryszard"]
[Result "1-0"]
[WhiteElo "2240"]
[BlackElo "2173"]
[PlyCount "29"]
[EventDate "2006.09.16"]
[EventType "team-tourn"]
[EventRounds "11"]
[EventCountry "ENG"]
[SourceTitle "EXT 2008"]
[Source "ChessBase"]
[SourceDate "2007.11.25"]
[SourceVersion "1"]
[SourceVersionDate "2007.11.25"]
[SourceQuality "1"]
[WhiteTeam "NW Eagles II"]
[BlackTeam "Guildford IV"]
[WhiteTeamCountry "ENG"]
[BlackTeamCountry "ENG"]

1. e4 Nf6 2. e5 Nd5 3. d4 d6 4. c4 Nb6 5. f4 dxe5 6. fxe5 Nc6 7. Be3 Bf5 8. Nc3 e6 9. Nf3 Be7 10. d5 exd5 11. cxd5 Nb4 12. Nd4 Bg6 13. Bb5+ Kf8 14. 0-0 N4xd5 15. Ne6+ 1-0